[Event "Hastings Masters"]
[Site "Hastings, England"]
[Date "2014.12.30"]
[Round "2.34"]
[White "Cafferty, Bernard"]
[Black "Dean, Michael J"]
[Result "1-0"]
[WhiteElo "2095"]
[BlackElo "1574"]
[PlyCount "131"]
[EventDate "2014.??.??"]

1. Nf3 Nf6 2. c4 g6 3. Nc3 Bg7 4. e4 d6 5. d4 O-O 6. Be2 b6 7. O-O Bb7 8. Qc2
Nbd7 9. Rd1 Qc8 10. h3 e5 11. d5 a6 12. Be3 Nh5 13. Rac1 Nf4 14. Bf1 Nf6 15.
Kh2 Ne8 16. Qd2 f5 17. exf5 Qxf5 18. Ng1 Qf7 19. g3 Nh5 20. Ne4 Bf6 21. Bg2 Bc8
22. Nf3 Neg7 23. b4 Bd7 24. c5 Ba4 25. Re1 bxc5 26. bxc5 Qe7 27. Qb4 Bb5 28.
cxd6 cxd6 29. Qxd6 Qxd6 30. Nxd6 Bd3 31. Bc5 Rfd8 32. Nxe5 Bxe5 33. Rxe5 Rd7
34. Re3 Bb5 35. Rb3 Nf6 36. Rd1 Ba4 37. Rdb1 Bxb3 38. Rxb3 Nfe8 39. Rb6 Nxd6
40. Bxd6 Nf5 41. Bb8 Kf7 42. d6 Rxb8 43. Rxb8 Rxd6 44. Rb7+ Kg8 45. Bf1 Rd2 46.
Kg1 Nd6 47. Rd7 a5 48. a4 Ne4 49. Bc4+ Kh8 50. Rxd2 Nxd2 51. Bd5 Nb1 52. f4 Nc3
53. Bb3 Kg7 54. Kg2 Ne4 55. Bc2 Nf6 56. Kf3 h5 57. Bb3 Nd7 58. Ke3 Nc5 59. Bc2
Ne6 60. h4 Kf6 61. Kd3 Kf5 62. Kc4+ Kf6 63. Bd3 Nc7 64. Kc5 Ne6+ 65. Kb6 Nd4
66. Kxa5 1-0

[Event "Hastings Masters"]
[Site "Hastings, England"]
[Date "2014.12.30"
[Round "2.35"]
[White "Gregory, Stephen J"]
[WhiteElo "2056"]
[Black "Ternault, Mathieu"]
[BlackElo "2225"]
[Result "0-1"]

1. e4 e6 2. d3 d5 3. Nd2 Nf6 4. Ngf3 b6 5. g3 Bb7 6. Bg2 dxe4 7. Ng5 Nc6 8.
Ndxe4 h6 9. Nxf6+ gxf6 10. Nf3 h5 11. c3 Ne5 12. d4 Nxf3+ 13. Bxf3 Bxf3 14.
Qxf3 Bd6 15. Qc6+ Ke7 16. Be3 h4 17. O-O-O Qd7 18. Qf3 Qa4 19. Kb1 Qb5 20. b3
a5 21. c4 Qa6 22. a4 Qc8 23. g4 h3 24. Qe4 Qg8 25. c5 bxc5 26. dxc5 Be5 27. g5
Rb8 28. Rd3 Rb4 29. gxf6+ Bxf6 30. Qc6 Qg6 31. Qxc7+ Kf8 32. Rhd1 Rxb3+ 33. Ka2
Rxd3 34. Rc1 Qe4 35. Qb8+ Rd8 36. Qb3 Rh4 37. f4 Rg4 38. Rc4 Rg2+ 39. Ka3 Bb2+
40. Qxb2 Qxe3+ 41. Rc3 Rxb2 42. Rxe3 Rc2 43. Rxh3 Rxc5 0-1

[Event "Hastings Masters"]
[Site "Hastings, England"]
[Date "2014.12.30"]
[Round "2.36"]
[White "Marusenko, Petr"]
[Black "Wallis, Ian J"]
[Result "1-0"]
[WhiteElo "2194"]
[BlackElo "2009"]
[PlyCount "75"]
[EventDate "2014.??.??"]

1. d4 d6 2. Nf3 Bg4 3. Nbd2 e6 4. g3 Be7 5. Bg2 c6 6. O-O Nf6 7. c4 Na6 8. b3
O-O 9. Bb2 d5 10. Ne5 Bf5 11. Ndf3 h6 12. e3 Nd7 13. Nd3 Nb4 14. Nde1 a5 15. a3
Na6 16. Nd3 dxc4 17. bxc4 c5 18. Nf4 Rb8 19. Qe2 Nf6 20. Rfd1 Qb6 21. Ne5 cxd4
22. exd4 Rfe8 23. Bc3 a4 24. h4 Qb3 25. Bb2 Nc7 26. Rd2 Qb6 27. g4 g5 28. hxg5
hxg5 29. Nh3 Bg6 30. Nxg6 fxg6 31. Nxg5 Qd6 32. d5 exd5 33. Be5 Qd7 34. Bxc7
Qxc7 35. Qe6+ Kg7 36. Qf7+ Kh6 37. Ne6 Qxc4 38. Qg7# 1-0

[Event "Hastings Masters"]
[Site "Hastings, England"]
[Date "2014.12.30"
[Round "2.37"]
[White "Pickersgill, Adrian O"]
[WhiteElo "1994"]
[Black "Rayner, Francis"]
[BlackElo "2148"]
[Result "1/2-1/2"]

1. e4 c5 2. Nc3 Nc6 3. f4 g6 4. Nf3 Bg7 5. Bb5 Nd4 6. O-O Nxb5 7. Nxb5 d5 8.
exd5 a6 9. Nc3 Nf6 10. d4 c4 11. Qe2 Nxd5 12. Qxc4 Be6 13. Qe2 Nxc3 14. bxc3
Qc7 15. Qe3 Rc8 16. Bd2 O-O 17. Ne5 Rfe8 1/2-1/2

[Event "Hastings Masters"]
[Site "Hastings, England"]
[Date "2014.12.30"]
[Round "2.38"]
[White "Byron, Alan M"]
[Black "Akshay V Halagannavar"]
[Result "1/2-1/2"]
[WhiteElo "2188"]
[BlackElo "1881"]
[PlyCount "105"]
[EventDate "2014.??.??"]

1. e4 c5 2. Nf3 Nc6 3. Bb5 e6 4. O-O Nge7 5. Re1 a6 6. Bf1 g6 7. c3 Bg7 8. d3
O-O 9. Be3 b6 10. Qd2 d5 11. Bh6 dxe4 12. Bxg7 Kxg7 13. dxe4 Qxd2 14. Nbxd2 Rd8
15. a4 Rb8 16. Nb3 e5 17. Red1 Be6 18. Rxd8 Rxd8 19. Nbd2 Na5 20. Bxa6 c4 21.
Kf1 f6 22. Ke2 Ra8 23. Bb5 Nc8 24. Ne1 Nd6 25. Nc2 Rd8 26. Rd1 Nxb5 27. axb5
Kf7 28. f3 Ke7 29. Nb4 Rc8 30. Nb1 Rc5 31. Na3 Rc8 32. Nac2 Rc5 33. Na3 Rc8 34.
h3 g5 35. Nac2 Rc5 36. Na3 Rc8 37. Nd5+ Bxd5 38. Rxd5 Nb7 39. Ke3 Nd6 40. Nc2
Ke6 41. g4 h5 42. Kf2 h4 43. Ke3 Ra8 44. Na3 Rc8 45. Kd2 f5 46. gxf5+ Nxf5 47.
Ke2 Ng3+ 48. Ke3 Nh5 49. Rd2 Nf4 50. Rh2 Rd8 51. Nxc4 Rd3+ 52. Kf2 Rd1 53. Nxb6
1/2-1/2

[Event "Hastings Masters"]
[Site "Hastings, England"]
[Date "2014.12.30"
[Round "2.39"]
[White "Wettasinha, Vasanta"]
[WhiteElo "1761"]
[Black "Sugden, John N"]
[BlackElo "2105"]
[Result "0-1"]

1. d4 Nf6 2. Nc3 c5 3. d5 d6 4. e4 g6 5. Nf3 Bg7 6. Bb5+ Bd7 7. a4 O-O 8. O-O
Na6 9. Be2 Nc7 10. Bf4 a6 11. e5 Nfe8 12. Qd2 Bg4 13. exd6 exd6 14. Bh6 Nf6 15.
Bxg7 Kxg7 16. h3 Bxf3 17. Bxf3 b6 18. Qf4 Qd7 19. g4 h6 20. h4 Nh7 21. Ne4 f5
22. Nxd6 fxg4 23. Qe5+ Rf6 24. Bg2 Qxd6 25. Qc3 Kg8 26. Rad1 Re8 27. Qd3 Nf8
28. Qc4 Rf4 29. Qb3 Nd7 30. Qg3 Ref8 31. Rfe1 Ne5 32. b3 Kh7 33. Re3 Nf3+ 34.
Bxf3 gxf3 35. Rxf3 Ne6 36. Re3 Ng7 37. Rde1 Nf5 38. Re6 Qxe6 39. Rxe6 Nxg3 40.
fxg3 R4f6 0-1

[Event "Hastings Masters"]
[Site "Hastings, England"]
[Date "2014.12.30"]
[Round "2.40"]
[White "Talsma, Paul"]
[Black "McKenna, John R"]
[Result "1-0"]
[WhiteElo "2186"]
[BlackElo "1722"]
[PlyCount "65"]
[EventDate "2014.??.??"]

1. d4 d5 2. c4 dxc4 3. Nf3 Nf6 4. e3 Bg4 5. Bxc4 e6 6. Nbd2 Nbd7 7. Qb3 Nb6 8.
Be2 Qd5 9. h3 Bh5 10. g4 Bg6 11. Qxd5 Nbxd5 12. Ne5 Bb4 13. Nxg6 hxg6 14. Bf3
O-O-O 15. Kf1 Nb6 16. Nb3 Nc4 17. a3 Be7 18. Kg2 e5 19. Be2 b5 20. a4 a6 21.
axb5 axb5 22. dxe5 Ne4 23. Bf3 f5 24. exf6 Nxf6 25. Nd4 Ne5 26. Bc6 Nfd7 27.
Bxb5 Nb6 28. f4 Rd5 29. fxe5 Rxe5 30. Rf1 Bc5 31. Nc6 Re6 32. Rf7 Bxe3 33. Ba6#
1-0

[Event "Hastings Masters"]
[Site "Hastings, England"]
[Date "2014.12.30"]
[Round "2.41"]
[White "Hackner, Oskar A"]
[Black "Kyrkjebo, Marte B"]
[Result "1-0"]
[WhiteElo "2145"]
[BlackElo "1598"]
[PlyCount "107"]
[EventDate "2014.??.??"]

1. d4 d5 2. c4 c6 3. Nc3 Nf6 4. e3 e6 5. Nf3 Nbd7 6. Qc2 Bd6 7. Bd3 dxc4 8.
Bxc4 b5 9. Bd3 Bb7 10. Bd2 O-O 11. Ng5 h6 12. Nge4 Nxe4 13. Nxe4 Be7 14. O-O a5
15. Rfd1 Qb6 16. Rac1 Rac8 17. Nc5 Nxc5 18. dxc5 Qc7 19. Bh7+ Kh8 20. Be4 Rcd8
21. Bc3 e5 22. b3 Bc8 23. a3 f5 24. Rxd8 Bxd8 25. Bf3 e4 26. Bh5 Be6 27. Rd1
Bd5 28. Qb2 Bf6 29. Bxf6 Rxf6 30. Be2 Qf7 31. b4 a4 32. Qd4 Qb7 33. Qe5 Kh7 34.
g4 fxg4 35. Bf1 Qf7 36. Rd2 Rf5 37. Qd6 Rf6 38. Qd8 Qb7 39. Qe8 Rg6 40. Rxd5
cxd5 41. Bxb5 Qc7 42. Bd7 Rg5 43. Be6 Re5 44. Bg8+ Kh8 45. Qa8 g5 46. Bxd5+ Kg7
47. Qb7 Re7 48. Qxc7 Rxc7 49. c6 Kf6 50. b5 Ke5 51. b6 Rc8 52. b7 Rb8 53. c7
Rxb7 54. Bxb7 1-0

[Event "Hastings Masters"]
[Site "Hastings, England"]
[Date "2014.12.30"]
[Round "2.42"]
[White "Burrows, Martin P"]
[Black "Dennis, Nigel W"]
[Result "1-0"]
[WhiteElo "2128"]
[BlackElo "1842"]
[PlyCount "77"]
[EventDate "2014.??.??"]

1. e4 c5 2. Nf3 e6 3. d4 cxd4 4. Nxd4 Nf6 5. Nc3 d6 6. g4 h6 7. h4 Nc6 8. Rg1
Be7 9. g5 hxg5 10. hxg5 Nh5 11. Be3 g6 12. Qd2 a6 13. O-O-O Nxd4 14. Qxd4 e5
15. Qd2 Be6 16. Nd5 b5 17. Bb6 Qd7 18. Nc7+ Kf8 19. Nxa8 Qc6 20. Nc7 Qxb6 21.
Nxe6+ fxe6 22. Kb1 Nf4 23. Qe3 Qb7 24. Be2 Kg7 25. Rg3 Qc7 26. Bf3 Rc8 27. Qb3
a5 28. a4 bxa4 29. Qxa4 Rb8 30. Bg4 Rb4 31. Qa2 a4 32. Bxe6 Ne2 33. Bg8 Bxg5
34. Rh1 Bh6 35. Rxg6+ Kxg6 36. Qe6+ Kg5 37. Qxh6+ Kg4 38. Qh5+ Kf4 39. Rh4# 1-0

[Event "Hastings Masters"]
[Site "Hastings, England"]
[Date "2014.12.30"
[Round "2.43"]
[White "Willson, Ollie"]
[WhiteElo "1874"]
[Black "Kalaiyalahan, Akshaya"]
[BlackElo "2080"]
[Result "1/2-1/2"]

1. d4 d5 2. Nf3 Nf6 3. g3 Bf5 4. Bg2 c6 5. O-O e6 6. c4 h6 7. Nc3 Nbd7 8. Re1
Be7 9. b3 O-O 10. Bb2 Bh7 11. Nd2 Re8 12. e4 dxe4 13. Ndxe4 Nxe4 14. Nxe4 Nf6
15. Nc5 Qc7 16. Qf3 Rad8 17. Rad1 Bg6 18. Qc3 a5 19. a3 Qb6 20. Nd3 Bf5 21. h3
Bf8 22. g4 Bxd3 23. Rxd3 c5 24. d5 exd5 25. Rxe8 Rxe8 26. Bxd5 Nxd5 27. Rxd5
Qg6 28. Qd3 Re1+ 29. Kg2 Qe6 30. Bc3 Re2 31. Bxa5 Rb2 32. Bd2 Qb6 33. b4 cxb4
34. axb4 Bxb4 35. Be3 Qc6 36. Qe4 Bf8 37. Re5 Qxe4+ 1/2-1/2

[Event "Hastings Masters"]
[Site "Hastings, England"]
[Date "2014.12.30"
[Round "2.44"]
[White "Barton, R Alan"]
[WhiteElo "2042"]
[Black "Stonehouse, Tom H"]
[BlackElo "1798"]
[Result "1-0"]

1. Nf3 d5 2. d4 c5 3. c3 cxd4 4. cxd4 Nf6 5. Nc3 Nc6 6. Bf4 Bg4 7. Ne5 Nxe5 8.
Bxe5 Qa5 9. Qb3 Rc8 10. e3 a6 11. Bd3 e6 12. O-O Bb4 13. Rac1 O-O 14. Bxf6 gxf6
15. e4 Bxc3 16. bxc3 dxe4 17. Bxe4 Rc7 18. c4 Rd8 19. d5 f5 20. Bf3 Bxf3 21.
Qxf3 Rdc8 22. Qg3+ Kf8 23. Qd6+ Re7 24. Qe5 Rec7 25. Qd6+ Re7 26. Rb1 Qc7 27.
Qa3 Qc5 28. Qh3 Kg8 29. Qg3+ Kf8 30. Qh3 Kg8 31. Qg3+ Kf8 32. Qe5 Rec7 33. Qh8+
Ke7 34. Qxh7 exd5 35. Rfe1+ Kd6 36. cxd5 Qc2 37. Qh6+ Kd7 38. Qf6 Qc5 39. Qxf7+
1-0

[Event "Hastings Masters"]
[Site "Hastings, England"]
[Date "2014.12.30"]
[Round "2.45"]
[White "Kyrkjebo, Hanna B"]
[Black "Froewis, Annika"]
[Result "1-0"]
[WhiteElo "1831"]
[BlackElo "2036"]
[PlyCount "95"]
[EventDate "2014.??.??"]

1. e4 e5 2. Nf3 Nc6 3. Nc3 Nf6 4. a3 d5 5. Bb5 d4 6. Ne2 Bd6 7. d3 h6 8. Ng3
O-O 9. Bc4 Ne7 10. O-O Ng6 11. Re1 Re8 12. Nf5 Bf8 13. Bd2 Nh7 14. Qc1 Qf6 15.
c3 dxc3 16. Qxc3 Bxf5 17. exf5 Qxf5 18. Bd5 c6 19. Be4 Qe6 20. Bxg6 Qxg6 21.
Nxe5 Qf5 22. d4 Nf6 23. Qb3 Ne4 24. Be3 Nd6 25. Rac1 Rad8 26. Nf3 a6 27. h3 Re7
28. Red1 Ne4 29. Qc2 Qd5 30. Ne5 Nd6 31. Nf3 Nf5 32. Bf4 Re4 33. Bc7 Rd7 34.
Bb6 f6 35. Qc4 Qxc4 36. Rxc4 Rd5 37. Bc5 Kf7 38. Kf1 Bd6 39. Re1 Bxc5 40. Rxe4
Nd6 41. dxc5 Nxe4 42. Rxe4 Rxc5 43. Rb4 b5 44. Rb3 Rd5 45. Ke2 Rd6 46. Rd3 Re6+
47. Kd2 c5 48. Rd7+ 1-0

[Event "Hastings Masters"]
[Site "Hastings, England"]
[Date "2014.12.30"]
[Round "2.46"]
[White "French, Max"]
[Black "Sikkel, Dirk"]
[Result "0-1"]
[WhiteElo "1763"]
[BlackElo "2010"]
[PlyCount "114"]
[EventDate "2014.??.??"]

1. d4 g6 2. c4 Bg7 3. Nc3 d6 4. e4 e5 5. d5 a5 6. Nf3 Nd7 7. g4 Nc5 8. h3 Nf6
9. Qc2 O-O 10. Bg2 c6 11. dxc6 bxc6 12. O-O Qc7 13. Be3 Ne6 14. Rfd1 Ba6 15. b3
Rfd8 16. g5 Nh5 17. Na4 Rab8 18. Rd2 c5 19. Nc3 Bb7 20. Rad1 Nd4 21. Qc1 Rf8
22. Bxd4 exd4 23. Nd5 Bxd5 24. exd5 f5 25. Re2 Be5 26. Ne1 Bf4 27. Qc2 Bxg5 28.
Nd3 f4 29. Bf3 Ng7 30. Rde1 h5 31. Re4 Kh7 32. Qe2 Rf7 33. Kh2 Rbf8 34. Qd2 Nf5
35. a3 Kh6 36. Rg1 Nh4 37. Bd1 Qd8 38. f3 Nf5 39. b4 axb4 40. axb4 Ne3 41. bxc5
Bh4 42. Nxf4 Rxf4 43. Qxd4 Rxe4 44. Qxe4 Nf5 45. c6 Qb6 46. Qe2 Qd4 47. Bc2
Qf4+ 48. Kg2 Ne3+ 49. Kh1 Nxc2 50. Qxc2 Qxf3+ 51. Kh2 Qf6 52. Rg2 Bg5 53. Qe2
Bf4+ 54. Kh1 Be5 55. Qe3+ Kg7 56. Qa7+ Rf7 57. Qe3 Bd4 0-1

[Event "Hastings Masters"]
[Site "Hastings, England"]
[Date "2014.12.30"
[Round "2.47"]
[White "Macrae, James S"]
[WhiteElo "1723"]
[Black "Spanton, Tim R"]
[BlackElo "2002"]
[Result "0-1"]

1. d4 d5 2. Nf3 Nc6 3. c3 Bg4 4. Bf4 e6 5. e3 Bd6 6. Bxd6 cxd6 7. Be2 Nf6 8.
Nbd2 O-O 9. O-O Qe7 10. h3 Bh5 11. Nh4 Bxe2 12. Qxe2 Ne4 13. Nhf3 f5 14. Nxe4
dxe4 15. Nd2 Kh8 16. f3 d5 17. a3 Rg8 18. fxe4 dxe4 19. Rac1 g5 20. g4 Raf8 21.
Qh2 h5 22. d5 exd5 23. Rxf5 Rxf5 24. gxf5 Ne5 25. Rf1 Qf6 26. Kh1 h4 27. c4
Nxc4 28. Nxc4 dxc4 29. Qc2 Rd8 30. Rd1 Rxd1+ 31. Qxd1 Qxf5 32. Qd8+ Kh7 33.
Qe7+ Kh6 34. Kh2 Qf2+ 35. Kh1 Qf3+ 36. Kh2 Qg3+ 37. Kh1 Qxh3+ 38. Kg1 Qxe3+ 39.
Kf1 Qc1+ 40. Ke2 Qxb2+ 41. Ke3 Qc3+ 42. Ke2 Qf3+ 43. Ke1 e3 44. Qe6+ Kh5 45.
Qe8+ Kg4 46. Qe6+ Kg3 47. Qe5+ Kg2 0-1

[Event "Hastings Masters"]
[Site "Hastings, England"]
[Date "2014.12.30"
[Round "2.48"]
[White "Pooley, Mark C"]
[WhiteElo "1686"]
[Black "Shepley, Julien M"]
[BlackElo "1942"]
[Result "0-1"]

1. e4 d5 2. exd5 Qxd5 3. Nc3 Qd6 4. Nf3 Nf6 5. d4 a6 6. Be2 e6 7. O-O Nbd7 8.
Be3 b5 9. Bd3 Bb7 10. a3 Qc6 11. Re1 Bd6 12. h3 h6 13. Bd2 g5 14. Ne4 g4 15.
hxg4 Nxg4 16. Nxd6+ Qxd6 17. Be4 Bxe4 18. Rxe4 Ndf6 19. Bb4 Qd5 20. Re2 Rg8 21.
g3 O-O-O 22. Qd3 Qh5 23. Kg2 Nd5 24. Qe4 Ngf6 25. Rh1 Nxe4 26. Rxh5 Nf4+ 27.
Kf1 Nxg3+ 28. fxg3 Nxh5 29. Kf2 Nxg3 30. Re1 Nf5 31. Bc3 Rg4 32. Rd1 Rdg8 33.
Rg1 Rxg1 34. Nxg1 h5 35. Nf3 h4 36. Bd2 h3 37. Bf4 Rg2+ 38. Ke1 Rxc2 39. b4 Ra2
40. Bc1 h2 0-1

[Event "Hastings Masters"]
[Site "Hastings, England"]
[Date "2014.12.30"
[Round "2.49"]
[White "Young, Mel J"]
[WhiteElo "1939"]
[Black "Evans, Helen I"]
[BlackElo "1621"]
[Result "1-0"]

1. e4 d5 2. exd5 Qxd5 3. Nc3 Qd8 4. d4 Nf6 5. Bc4 a6 6. Nf3 b5 7. Bd3 Bb7 8. a3
e6 9. O-O Be7 10. Bf4 O-O 11. Qe2 Nc6 12. Rad1 Re8 13. Ne4 Nxe4 14. Bxe4 Qc8
15. c3 Bd6 16. Ne5 Nxe5 17. dxe5 Be7 18. Bb1 c5 19. Qg4 Qc6 20. Rd3 g6 21. Rg3
Rad8 22. h4 f5 23. exf6 Bxf6 24. Bxg6 hxg6 25. Qxg6+ 1-0

[Event "Hastings Masters"]
[Site "Hastings, England"]
[Date "2014.12.30"]
[Round "2.50"]
[White "Denham, Colin"]
[Black "Fraser, John"]
[Result "1/2-1/2"]
[WhiteElo "1685"]
[BlackElo "1934"]
[PlyCount "94"]
[EventDate "2014.??.??"]

1. e4 c5 2. Nc3 Nc6 3. Nf3 g6 4. Ne2 Nf6 5. d3 Bg7 6. c3 d6 7. Ng3 O-O 8. Be2
Bd7 9. Bd2 e5 10. O-O d5 11. Qc1 Re8 12. Bg5 Be6 13. Rd1 Rc8 14. b3 a6 15. Rb1
b5 16. Rb2 Qd6 17. Rc2 b4 18. c4 dxc4 19. dxc4 Qf8 20. Rcd2 h6 21. Bxf6 Bxf6
22. Rd3 Red8 23. Kf1 Kg7 24. h3 Rxd3 25. Bxd3 Rd8 26. Qc2 Nd4 27. Nxd4 Rxd4 28.
Ne2 Rd6 29. Kg1 Qd8 30. Kh2 Qd7 31. Ng3 Bg5 32. Nf1 Rd4 33. Qe2 Bf4+ 34. g3 Bg5
35. h4 Bf6 36. Ne3 a5 37. f3 h5 38. Nd5 Bxd5 39. cxd5 Qd8 40. Kh3 Qd7+ 41. g4
Be7 42. Qe3 a4 43. Qe2 a3 44. Rg1 Bd8 45. Qe3 Qe7 46. g5 Bc7 47. Rg2 Bd6
1/2-1/2

[Event "Hastings Masters"]
[Site "Hastings, England"]
[Date "2014.12.30"]
[Round "2.51"]
[White "Fleming, Andrew S J"]
[Black "Haegin, Thomas"]
[Result "1-0"]
[WhiteElo "1928"]
[BlackElo "1460"]
[PlyCount "107"]
[EventDate "2014.??.??"]

1. e4 e5 2. Nf3 Nc6 3. c3 d5 4. Qa4 Bd7 5. exd5 Nd4 6. Qd1 Nxf3+ 7. Qxf3 Bd6 8.
Bc4 f5 9. d3 Nf6 10. Nd2 Qe7 11. O-O O-O-O 12. Re1 Rhe8 13. Nf1 e4 14. Qe2 exd3
15. Qxe7 Rxe7 16. Bg5 Rde8 17. Rxe7 Bxe7 18. Bxf6 Bxf6 19. Bxd3 g6 20. Rd1 f4
21. Nd2 Be5 22. Re1 c6 23. Nc4 Bb8 24. Rxe8+ Bxe8 25. dxc6 Bxc6 26. Na5 Bd7 27.
Kf1 b6 28. Nb3 Be8 29. Nd4 h6 30. Ke2 g5 31. Bf5+ Kd8 32. Kd3 Ke7 33. Be4 Kd8
34. h3 Ke7 35. Nf5+ Kf6 36. Nxh6 Bd7 37. b3 Bd6 38. f3 Be5 39. c4 Bb2 40. Bd5
Bf5+ 41. Be4 Be6 42. b4 Ke5 43. Bc6 Bd4 44. Be8 Be3 45. Bh5 Kf6 46. Bg4 Kg6 47.
Bxe6 Kxh6 48. Ke4 Kh5 49. Kd5 Kh4 50. c5 bxc5 51. bxc5 Kg3 52. c6 Bb6 53. Kd6
Kxg2 54. Bg4 1-0